Responses for show #4305 - Friday, April 25, 2003

Contestants

Kay Reimann, an attorney from Pebble Beach, California

Alex Kouba, an entrepreneur from Los Angeles, California

Matt Caruso, a director of market research from Los Angeles, California (whose 3-day cash winnings total $79,399)

Jeopardy! Round responses

BODIES OF WATER
WEIGHTS & MEASURES
AN ANCIENT LIFETIME AGO
A COLORFUL CATEGORY
THEY PUT ME ON HOLD AGAIN!
"POP" CULTURE
    $200 19
Red Sea

Kay
    $200 16
sugar

Kay
    $200 11
honey

Kay
    $200 6
the flag

Alex
    $200 17
(Kay: What is an accordion?)

"Only the Lonely"

Kay
Triple Stumper
    $200 1
popsicle

Kay
    $400 20
Persian Gulf

Alex
    $400 21
the moon

Matt
    $400 12
(Matt: Who is Commodus?)

Julius Caesar

Matt
Triple Stumper
    $400 7
Purple Heart

Alex
    $400 18
(Kay: What is "She's Having My Baby?")

"New Kid in Town"

Kay
Triple Stumper
    $400 2
Poppin' Fresh

Matt
    $600 25
(Matt: What is the Caspian Sea?)

Baltic Sea

MattKay
    $600 22
fathom

Kay
    $600 13
Mount Etna

Kay
    $600 8
Black Plague/Black Death

Alex
    $600 3
Mary Poppins

Kay
    $800 26
(Kay: What is Prudhome Bay?)

Prudhoe Bay

Kay
Triple Stumper
    $800 23
(Alex: Less than a minute now.)

carob

Kay
    $800 14
Alexander the Great

Kay
    $1,200 9
(Alex: Who are the Tibetan monks?)

Dalai Lama

Alex
    $800 4
poppy seeds

Kay
    $1000 27
[The end-of-round signal sounds.]
(Alex: Oh, we don't have to go back to THEY PUT ME ON HOLD AGAIN! Thank you!)

Lake Maracaibo

Triple Stumper
    $1000 24
VHF

Alex
    $1000 15
Virgil

Alex
    $1000 10
complementary

Kay
    $1000 5
"Popeye"

Kay

Scores at the first commercial break (after clue 15):

Matt Alex Kay
$0 $1,000 $5,200

Scores at the end of the Jeopardy! Round:

Matt Alex Kay
-$200 $2,400 $6,200

Double Jeopardy! Round responses

THE LABORS OF HERCULES
BEST ACTOR OSCAR WINNERS
GOVERNMENT & POLITICS
YOU O ME
SHIRTS
SKINS
(Alex: Good competition!)
    $400 14
(Kay: What are poison arrows?)

arrows

Kay
    $400 6
Forrest Gump

Matt
    $400 1
(Kay: What are state governments?)
(Alex: We'll accept that.)

state legislatures

Kay
    $400 16
Alp & Alpo

Kay
    $400 23
collar

Kay
    $400 11
molting

Alex
    $800 15
big boar

Triple Stumper
    $800 7
(Matt: What are The Bells of St. Mary's?)

Going My Way

MattKay
    $3,600 2
Department of the Interior

Kay
    $800 17
booth & both

Matt
    $800 24
(Matt: What is red?)

white

Matt
Triple Stumper
    $800 12
walrus

Kay
    $1200 25
apples

Kay
    $1200 8
It Happened One Night

Matt
    $1200 3
vice president (who is president of the Senate)

Kay
    $1200 18
"Omoo" & moo

Triple Stumper
    $1200 27
(Matt: What is billow?)
(Kay: What is a blouson?)

blouse

MattKay
    $1200 13
(Matt: What are swim bladders?)
(Alex: What are gills?)

scales

MattAlex
Triple Stumper
    $1600 26
rivers

Alex
    $1600 9
Boys Town

Triple Stumper
    $1600 4
Millard Fillmore

Matt
    $1600 19
dragon & dragoon

Matt
    $1600 21
(Kay: What are your face and your rump?)
(Matt: What are the head and armpits?)
...
(Alex: If you've got hairless armpits, you've got serious medical problems!)

palms of your hand & the soles of your feet

MattKay
Triple Stumper
    $5,000 28
[buzzer sounds to end round]

Hydra

Kay
    $2000 10
(Kay: What is "San Francisco?")

Captains Courageous

Kay
Triple Stumper
    $2000 5
Vermont

Matt
    $2000 20
root & rot (rootrot)

Triple Stumper
    $2000 22
(Alex: Less than a minute now.)

wings

Kay

Scores at the end of the Double Jeopardy! Round:

Matt Alex Kay
$1,800 $3,200 $20,000
(lock game)

[wagering suggestions for these scores]

Final Jeopardy! Round responses

OCCUPATIONS
(Alex: Savor the moment, for many moments, because we have some special tournaments coming up starting next week right here on Jeopardy!, and then Kay returns to defend.)
MattWhat is ?
$1,800
AlexWhat is a nurse?
$401
KayWhat is a nurse?
$5,000
nurse

Final scores:

Matt Alex Kay
$0 $3,601 $25,000
3rd place: $1,000 2nd place: $2,000 New champion: $25,000

Game dynamics:

Coryat scores:

Matt Alex Kay
$1,800 $4,400 $14,200
8 R,
7 W
8 R,
2 W
(including 1 DD)
25 R
(including 2 DDs),
5 W

Combined Coryat: $20,400

The J! Archive is created by fans, for fans. The Jeopardy! game show and all elements thereof, including but not limited to copyright and trademark thereto, are the property of Jeopardy Productions, Inc. and are protected under law. This website is not affiliated with, sponsored by, or operated by Jeopardy Productions, Inc. Join the discussion at JBoard.tv.